| 000 | 00612nam a22002055a 4500 | ||
|---|---|---|---|
| 999 |
_c232585 _d232585 |
||
| 001 | 243389 | ||
| 003 | Nust | ||
| 005 | 20170221104352.0 | ||
| 008 | 990616s1997 enk 000 0 eng | ||
| 010 | _a 99216808 | ||
| 020 | _a9781856265492 (pbk) | ||
| 040 |
_aDLC _cDLC |
||
| 050 | 0 | 0 | _aIN PROCESS |
| 082 |
_a305.89275357 _bHOL |
||
| 100 | 1 | _aHolton, Patricia. | |
| 245 | 1 | 0 |
_aMother without a mask : _ba westerner's story of her Arab family / _cPatricia Holton. |
| 260 |
_aLondon, England : _bKyle Cathie Limited , _c1997. |
||
| 300 | _a278 p. | ||
| 906 |
_a0 _bibc _corignew _d3 _encip _f19 _gy-gencatlg |
||
| 942 |
_2ddc _cBK |
||